1504 1513 1997 1547 1060 1114 1844 1373 1236 1772 1542 1684 1225 1101 1273 1425 1756 1767 1350 1047 1999 1229 1583 1513 1518 1111 1061 1635 1967 1553 1195 1016 1917 1704 1095 1679 1913 1937 1510 1314 1735 1088 1221 1084 1458 1427 1616 1604 1226 1799 1057 1417 1385 1465 1804 1924 1203 1336 1734 1612 1057 1844 1482 1204 1755 1030 1481 1781 1801 1761 1024 1143 1695 1652 1900 1620 1303 1629 1912 1493 1837 1478 1971 1183 1505 1376 1629 1757 1999 1753 1674 1855 1838 1761 1317 1416 1778 1472 1152 BCNSPRNW ULIB Ver.6.0+V

เปลี่ยนเป็นภาษาไทย

Change to English
 แสดงรายละเอียดบรรณานุกรม
  กลับหน้าหลัก

Brief Record : Get Marc (ISO 2709) : E-mail record : QR code < ปิดหน้าต่าง
LEADER : 00000nam 2200000uu 4500
001    13399112578
003     ULIB
008    110824s2553||||th 000 0 tha d
020    9786167346038
090    นว.^bธ814บ 2553
100 0  เธียรธีรินทร์
245 00 บัลลังก์ไข่มุก/^cเธียรธีรินทร์
250    พิมพ์ครั้งที่ 1
260    กรุงเทพฯ :^bSimpy Book,^c2553
300    320 หน้า
710 1  Simpy Book
945    ^p225^l0^i028085
995    ทศพร
999     ^aใช้งานได้ทุกระบบ
รายการนี้ยังไม่มีแท็ก
คุณยังไม่ได้ล็อกอิน คุณสามารถมีกิจกรรมร่วมกับเว็บไซต์ได้ แต่ต้องล็อกอินก่อน ::
  ล็อกอิน

รายการสื่อสารสนเทศ

ลำดับที่ ประเภท เลขเรียก/บาร์โค้ด สถานที่ สถานะ
- ไม่พบข้อมูล -

BibComment


ยังไม่เคยถูกคอมเมนท์

คอมเมนท์ทรัพยากรรายการนี้
  คอมเมนท์: บัลลังก์ไข่มุก เธ..


 Copyright 2026. Bcnsprnw @Library